[Event "ch-CHN Women 2020"]
[Site "Xinghua CHN"]
[Date "2020.12.19"]
[Round "1.1"]
[White "Ni, Shiqun"]
[Black "Guo, Qi"]
[Result "1/2-1/2"]
[WhiteTitle "WGM"]
[BlackTitle "IM"]
[WhiteElo "2389"]
[BlackElo "2418"]
[WhiteFideId "8608466"]
[BlackFideId "8604002"]
[EventDate "2020.12.19"]

1. e4 e6 2. d4 d5 3. exd5 exd5 4. Nf3 Nf6 5. Bd3 Bd6 6. Qe2+ Be7 7. O-O O-O 8.
Re1 Bd6 9. Bg5 Bg4 10. Nbd2 Nbd7 11. Qf1 Bxf3 12. Nxf3 c6 13. Re2 h6 14. Bd2 Qc7
15. g3 Rae8 16. Rae1 Rxe2 17. Rxe2 Re8 18. Rxe8+ Nxe8 19. Qe2 Ndf6 20. b3 Qe7
21. Qxe7 Bxe7 22. Kf1 Nd6 23. Bb4 Kf8 24. Ne5 Nde4 25. Bxe7+ Kxe7 26. f3 Nd6 27.
Ke2 Nd7 28. Ke3 a5 29. a3 Nf8 30. a4 f6 1/2-1/2

[Event "ch-CHN Women 2020"]
[Site "Xinghua CHN"]
[Date "2020.12.19"]
[Round "1.2"]
[White "Zhai, Mo"]
[Black "Song, Yuxin"]
[Result "1/2-1/2"]
[WhiteTitle "WGM"]
[BlackTitle "WIM"]
[WhiteElo "2366"]
[BlackElo "2290"]
[WhiteFideId "8600201"]
[BlackFideId "8614300"]
[EventDate "2020.12.19"]

1. c4 e6 2. Nc3 d5 3. d4 Nf6 4. cxd5 exd5 5. Bg5 c6 6. e3 Be7 7. Qc2 Nbd7 8. Bd3
Nh5 9. Bxe7 Qxe7 10. Nge2 Nb6 11. O-O g6 12. Rae1 O-O 13. Nc1 Ng7 14. f3 Be6 15.
Nb3 Nd7 16. e4 Rac8 17. Qf2 Qb4 18. Qe3 Rfe8 19. Bc2 a6 20. Qf4 Nh5 21. Qh4 dxe4
22. Rxe4 Nhf6 23. Ree1 Bc4 24. Rxe8+ Rxe8 25. Rd1 Nd5 26. Re1 Rxe1+ 27. Qxe1
Bxb3 28. Bxb3 Qxd4+ 29. Kh1 Nc5 30. Bxd5 cxd5 31. Qe7 Nd3 32. h3 Nxb2 33. Ne2
Qa4 34. Nc3 Qd4 35. Ne2 Qb6 36. Nf4 Qd4 37. Ne2 1/2-1/2

[Event "ch-CHN Women 2020"]
[Site "Xinghua CHN"]
[Date "2020.12.19"]
[Round "1.3"]
[White "Yuan, Ye"]
[Black "Xiao, Yiyi"]
[Result "1/2-1/2"]
[BlackTitle "WGM"]
[WhiteElo "2081"]
[BlackElo "2301"]
[WhiteFideId "8608415"]
[BlackFideId "8606161"]
[EventDate "2020.12.19"]

1. d4 Nf6 2. c4 g6 3. Nc3 d5 4. cxd5 Nxd5 5. e4 Nxc3 6. bxc3 Bg7 7. Nf3 c5 8.
Rb1 Qa5 9. Bb5+ Bd7 10. Bxd7+ Nxd7 11. O-O Nb6 12. Qe2 O-O 13. Bg5 Na4 14. Bd2
Nxc3 15. Bxc3 Qxc3 16. Rfc1 Qa3 17. dxc5 Rac8 18. h4 Rfd8 19. Rc2 Rc7 20. e5 e6
21. h5 Qd3 22. Qxd3 Rxd3 23. Rcb2 Rdd7 24. c6 Rxc6 25. Rxb7 Rxb7 26. Rxb7 gxh5
27. Rxa7 Bh6 28. Kh2 h4 29. Ra4 Rc2 30. Rxh4 Bc1 31. Kg3 Rxa2 32. Rc4 Bh6 33.
Rg4+ 1/2-1/2

[Event "ch-CHN Women 2020"]
[Site "Xinghua CHN"]
[Date "2020.12.19"]
[Round "1.4"]
[White "Yan, Tianqi"]
[Black "Tan, Zhongyi"]
[Result "1-0"]
[BlackTitle "GM"]
[WhiteElo "2207"]
[BlackElo "2510"]
[WhiteFideId "8615250"]
[BlackFideId "8603642"]
[EventDate "2020.12.19"]

1. Nf3 c5 2. e4 d6 3. d4 cxd4 4. Nxd4 Nf6 5. Nc3 e6 6. Be2 Be7 7. O-O O-O 8. Kh1
e5 9. Nb3 b6 10. Bg5 Nbd7 11. f3 Bb7 12. a4 a6 13. Be3 Rc8 14. Rf2 Qc7 15. Bf1
h6 16. Rd2 Rfe8 17. Nc1 Rcd8 18. N1e2 h5 19. Ng3 g6 20. Bg5 Kg7 21. Qe1 Rh8 22.
Rad1 h4 23. Nge2 Nf8 24. Nc1 Ne6 25. Be3 Nh5 26. Qf2 Nc5 27. b4 Nd7 28. Bxa6
Qxc3 29. Bxb7 Qxb4 30. Bc6 Qc4 31. Bb5 Qc8 32. Nd3 Nc5 33. Nb4 Ng3+ 34. Kg1
Ngxe4 35. fxe4 Nxe4 36. Qf3 Nxd2 37. Rxd2 Qe6 38. Qd5 Rc8 39. Qxe6 fxe6 40. Nc6
Bf8 41. Bxb6 Rh5 42. a5 e4 43. c4 d5 44. cxd5 exd5 45. a6 Kh7 46. a7 d4 47. Ba6
Re8 48. Rxd4 Bc5 49. Bxc5 Rxc5 50. Rd8 Rc1+ 51. Kf2 e3+ 52. Kf3 1-0

[Event "ch-CHN Women 2020"]
[Site "Xinghua CHN"]
[Date "2020.12.19"]
[Round "1.5"]
[White "Hu, Yu A."]
[Black "Gu, Xiaobing"]
[Result "1-0"]
[BlackTitle "WGM"]
[WhiteElo "2094"]
[BlackElo "2263"]
[WhiteFideId "8609993"]
[BlackFideId "8602611"]
[EventDate "2020.12.19"]

1. e4 c5 2. Nf3 d6 3. d4 cxd4 4. Nxd4 Nf6 5. Nc3 a6 6. Be3 e5 7. Nb3 Be6 8. f3
Nbd7 9. g4 Be7 10. Qd2 Rc8 11. g5 Nh5 12. O-O-O b5 13. Kb1 O-O 14. Nd5 Bxd5 15.
exd5 f5 16. gxf6 Rxf6 17. Na5 Nf4 18. Nc6 Qe8 19. c4 bxc4 20. Bxc4 Nb8 21. Rc1
Nxc6 22. dxc6+ Kh8 23. Bxf4 Rxf4 24. Bd5 Bd8 25. Be4 Rf6 26. Qd3 a5 27. Rc3 Bb6
28. Rb3 Bd4 29. Rb7 Qe6 30. Qb5 Rff8 31. Qd5 Qh3 32. Qxd6 Rxf3 33. Bxf3 Qxf3 34.
Rc1 Qd3+ 35. Rc2 e4 36. Rd7 Qd1+ 37. Rc1 Qd3+ 38. Ka1 Qd2 39. Rd8+ 1-0

[Event "ch-CHN Women 2020"]
[Site "Xinghua CHN"]
[Date "2020.12.19"]
[Round "1.6"]
[White "Li, Xueyi"]
[Black "Ning, Kaiyu"]
[Result "0-1"]
[WhiteTitle "WGM"]
[BlackTitle "WIM"]
[WhiteElo "2328"]
[BlackElo "2327"]
[WhiteFideId "8605912"]
[BlackFideId "8614750"]
[EventDate "2020.12.19"]

1. d4 d5 2. Nf3 Nf6 3. g3 Bf5 4. Bg2 c6 5. O-O h6 6. c4 e6 7. Nc3 Be7 8. a3 Nbd7
9. Nd2 O-O 10. b3 b5 11. e4 dxe4 12. Ndxe4 bxc4 13. bxc4 Nb6 14. c5 Nbd5 15. Bd2
Rb8 16. Re1 Qd7 17. Qc1 Rb3 18. Nxd5 Nxd5 19. Qc4 Rb7 20. Rac1 Rfb8 21. Qa6 Rb2
22. Rcd1 Bg4 23. f3 Bf5 24. Nc3 Rxd2 25. Nxd5 Rxg2+ 26. Kxg2 Qxd5 27. Qe2 Rb3
28. Qf2 Rxa3 29. Re5 Qc4 30. Rd2 Bf6 31. Re3 Bxd4 32. Rxd4 Qxd4 33. Rxa3 Bh3+ 0-1

[Event "ch-CHN Women 2020"]
[Site "Xinghua CHN"]
[Date "2020.12.20"]
[Round "2.1"]
[White "Guo, Qi"]
[Black "Ning, Kaiyu"]
[Result "1/2-1/2"]
[WhiteTitle "IM"]
[BlackTitle "WIM"]
[WhiteElo "2418"]
[BlackElo "2327"]
[WhiteFideId "8604002"]
[BlackFideId "8614750"]
[EventDate "2020.12.19"]

1. d4 d5 2. c4 e6 3. Nc3 Nf6 4. cxd5 Nxd5 5. e4 Nxc3 6. bxc3 c5 7. Nf3 cxd4 8.
cxd4 Bb4+ 9. Bd2 Bxd2+ 10. Qxd2 O-O 11. Bc4 Nd7 12. O-O b6 13. a4 Bb7 14. Bd3
Nf6 15. Rfe1 h6 16. a5 bxa5 17. Rxa5 Qc7 18. Rc5 Qe7 19. Qa5 Rfc8 20. Rxc8+ Rxc8
21. h3 Qc7 22. Qxc7 Rxc7 23. Ne5 Nd7 24. Ra1 Nxe5 25. dxe5 a6 26. f3 Rc5 27. Rb1
Rc3 28. Bf1 Rc7 29. Ra1 g5 30. Bxa6 Bxa6 31. Rxa6 Rc5 32. Kf2 Rxe5 33. Kg3 1/2-1/2

[Event "ch-CHN Women 2020"]
[Site "Xinghua CHN"]
[Date "2020.12.20"]
[Round "2.2"]
[White "Gu, Xiaobing"]
[Black "Li, Xueyi"]
[Result "1-0"]
[WhiteTitle "WGM"]
[BlackTitle "WGM"]
[WhiteElo "2263"]
[BlackElo "2328"]
[WhiteFideId "8602611"]
[BlackFideId "8605912"]
[EventDate "2020.12.19"]

1. e4 c6 2. d4 d5 3. exd5 cxd5 4. c4 Nf6 5. Nc3 Nc6 6. Bg5 Be6 7. Bxf6 exf6 8.
c5 g6 9. Bb5 Bg7 10. Nge2 O-O 11. O-O Qc7 12. Rb1 Ne7 13. Bd3 a6 14. b4 f5 15.
Qd2 Nc6 16. Bc2 Qd8 17. a4 Qf6 18. Rfd1 f4 19. Nxf4 Nxd4 20. Nfxd5 Bxd5 21. Nxd5
Qe5 22. Bb3 Rad8 23. Qa2 Rfe8 24. Ne3 Qf4 25. Re1 Re5 26. Bd5 Rh5 27. g3 Qh6 28.
Bxb7 Kh8 29. Ng4 Qg5 30. Qxf7 h6 31. Re7 Rg8 32. Rbe1 Qf5 33. Qxf5 gxf5 34. Ne5
Bf6 35. Rd7 Nc2 36. Nf7+ Kg7 37. Re6 Nxb4 38. Ng5+ Kg6 39. Nf3 1-0

[Event "ch-CHN Women 2020"]
[Site "Xinghua CHN"]
[Date "2020.12.20"]
[Round "2.3"]
[White "Tan, Zhongyi"]
[Black "Hu, Yu A."]
[Result "1-0"]
[WhiteTitle "GM"]
[WhiteElo "2510"]
[BlackElo "2094"]
[WhiteFideId "8603642"]
[BlackFideId "8609993"]
[EventDate "2020.12.19"]

1. c4 e6 2. Nc3 d5 3. d4 Nf6 4. cxd5 exd5 5. Bg5 Be7 6. e3 c6 7. Qc2 Nbd7 8. Bd3
Nh5 9. Bxe7 Qxe7 10. Nge2 g6 11. O-O-O Nb6 12. Ng3 Nf6 13. Kb1 Be6 14. f3 O-O-O
15. Rhe1 h5 16. Nge2 Kb8 17. Nc1 h4 18. h3 Nh5 19. Nb3 Ng3 20. a4 Bf5 21. e4
dxe4 22. fxe4 Be6 23. a5 Qb4 24. d5 cxd5 25. Na2 Qa4 26. axb6 Rc8 27. Nc3 Rxc3
28. Qxc3 1-0

[Event "ch-CHN Women 2020"]
[Site "Xinghua CHN"]
[Date "2020.12.20"]
[Round "2.4"]
[White "Xiao, Yiyi"]
[Black "Yan, Tianqi"]
[Result "1/2-1/2"]
[WhiteTitle "WGM"]
[WhiteElo "2301"]
[BlackElo "2207"]
[WhiteFideId "8606161"]
[BlackFideId "8615250"]
[EventDate "2020.12.19"]

1. d4 Nf6 2. c4 e6 3. g3 d5 4. Bg2 dxc4 5. Nf3 Nc6 6. Qa4 Bb4+ 7. Bd2 Nd5 8.
Bxb4 Nxb4 9. O-O Rb8 10. Na3 O-O 11. Qb5 b6 12. Qxc4 Ba6 13. Nb5 Qd5 14. Qxd5
Nxd5 15. a4 Na5 16. Ne5 Rbd8 17. Nxa7 Nb4 18. Rac1 Rxd4 19. Nb5 Bxb5 20. axb5 f6
21. e3 Rdd8 22. Nf3 Rf7 23. Nd4 Re7 24. Ra1 Rd6 25. Ra4 Nd3 26. b4 Nc4 27. Be4
Nde5 28. Ra8+ Kf7 29. Bxh7 Nd2 30. Rc1 Ndf3+ 31. Nxf3 Nxf3+ 32. Kg2 Ne5 33. Bb1
Rd5 34. Ra7 Rxb5 35. Rcxc7 Rxc7 36. Rxc7+ Kf8 37. Ba2 Rxb4 38. Bxe6 Rb2 39. Bf5
b5 40. g4 g6 41. Be6 Nd3 42. Rf7+ Ke8 43. Rxf6 Ke7 44. Rxg6 Rxf2+ 45. Kg3 Re2
46. Bf5 Rxe3+ 47. Kh4 Nf4 48. Rb6 Rh3+ 49. Kg5 Ng2 50. Rb7+ Kd6 51. Rxb5 Nh4 52.
Rb2 Nf3+ 53. Kf4 Nxh2 54. g5 Rh4+ 55. Kg3 Rh5 56. Rxh2 Rxg5+ 57. Kf4 Rg1 58.
Rd2+ Kc5 59. Ke5 Re1+ 60. Be4 Rc1 61. Rd8 Rc3 62. Rd7 Rc4 63. Bd3 Rc3 64. Rd8
Kb6 65. Kd4 Rc6 66. Be4 Kc7 67. Rh8 Re6 68. Bd5 Rd6 69. Kc5 Rc6+ 70. Kd4 Rd6 71.
Ra8 Rb6 72. Ra7+ Kd6 73. Rh7 Rb4+ 74. Bc4 Rb6 75. Rh5 Rc6 76. Rg5 Rb6 77. Bb5
Ke7 78. Kc5 Re6 79. Bd3 Rf6 80. Bf5 Rh6 81. Be4 Re6 82. Kd4 Kd6 83. Ra5 Rf6 84.
Bf5 Kc7 85. Ke5 Kb6 86. Ra1 Rc6 87. Bd7 Rc7 88. Rd1 Kc5 89. Rd5+ Kc4 90. Be6 Rc5 1/2-1/2

[Event "ch-CHN Women 2020"]
[Site "Xinghua CHN"]
[Date "2020.12.20"]
[Round "2.5"]
[White "Song, Yuxin"]
[Black "Yuan, Ye"]
[Result "1/2-1/2"]
[WhiteTitle "WIM"]
[WhiteElo "2290"]
[BlackElo "2081"]
[WhiteFideId "8614300"]
[BlackFideId "8608415"]
[EventDate "2020.12.19"]

1. e4 c5 2. Nf3 e6 3. d4 cxd4 4. Nxd4 a6 5. c4 Nf6 6. Nc3 Qc7 7. Be2 Bb4 8. Nc2
Be7 9. O-O O-O 10. Be3 d6 11. Rc1 b6 12. f3 Bb7 13. Qe1 Nbd7 14. Qf2 Rac8 15.
Rfd1 Qb8 16. Na4 d5 17. exd5 exd5 18. Nxb6 Nxb6 19. Bxb6 dxc4 20. Bd4 Qf4 21.
Ne3 Rfd8 22. Rxc4 Rxc4 23. Nxc4 h5 24. b3 Nd5 25. Be5 Qh6 26. Kh1 Ba8 27. Bb2 h4
28. Ne5 h3 29. Bc4 Kf8 30. Ng4 Qh5 31. Bf1 f6 32. Qg3 hxg2+ 33. Bxg2 Bd6 34. Qh3
Qxh3 35. Bxh3 Re8 36. Bf1 Bc5 37. Rc1 Bb4 38. Kg1 Nf4 39. Rc4 Bd6 40. Kf2 Bd5
41. Rc1 Bb8 42. Bd4 Kf7 43. Ne3 Bb7 44. Bc4+ Kg6 45. Rg1+ Kh7 46. Rg4 g5 47. h4
Nh3+ 48. Kg2 Nf4+ 49. Kf2 Nh3+ 50. Kg2 Nf4+ 1/2-1/2

[Event "ch-CHN Women 2020"]
[Site "Xinghua CHN"]
[Date "2020.12.20"]
[Round "2.6"]
[White "Ni, Shiqun"]
[Black "Zhai, Mo"]
[Result "1-0"]
[WhiteTitle "WGM"]
[BlackTitle "WGM"]
[WhiteElo "2389"]
[BlackElo "2366"]
[WhiteFideId "8608466"]
[BlackFideId "8600201"]
[EventDate "2020.12.19"]

1. d4 Nf6 2. Nf3 g6 3. g3 Bg7 4. Bg2 d5 5. O-O O-O 6. c3 c6 7. Nbd2 Nbd7 8. Re1
h6 9. e4 Nxe4 10. Nxe4 dxe4 11. Rxe4 Nf6 12. Re1 Be6 13. Rxe6 fxe6 14. Qb3 c5
15. Qxe6+ Kh7 16. dxc5 Qd7 17. Nd4 Rad8 18. Bf4 Nh5 19. Be3 Bf6 20. Qb3 Bxd4 21.
cxd4 Rb8 22. d5 Rfd8 23. Re1 Rbc8 24. c6 bxc6 25. dxc6 Qf5 26. Bxa7 Qf6 27. Bc5
Rc7 28. Bb6 Rf8 29. Qe3 Rxc6 30. Bxc6 Qxc6 31. Qxe7+ Kg8 32. Bc5 1-0

[Event "ch-CHN Women 2020"]
[Site "Xinghua CHN"]
[Date "2020.12.21"]
[Round "3.1"]
[White "Zhai, Mo"]
[Black "Guo, Qi"]
[Result "1/2-1/2"]
[WhiteTitle "WGM"]
[BlackTitle "IM"]
[WhiteElo "2366"]
[BlackElo "2418"]
[WhiteFideId "8600201"]
[BlackFideId "8604002"]
[EventDate "2020.12.19"]

1. c4 e6 2. Nc3 d5 3. d4 Be7 4. cxd5 exd5 5. Bf4 c6 6. e3 Bf5 7. Nge2 Nd7 8. h4
h5 9. Ng3 Bg4 10. Be2 Bxe2 11. Qxe2 g6 12. e4 dxe4 13. Ngxe4 Ngf6 14. Nd6+ Kf8
15. O-O-O Bxd6 16. Bxd6+ Kg7 17. Rhe1 Qa5 18. Be5 Rhe8 19. f4 Rad8 20. Kb1 Nxe5
21. fxe5 Nd5 22. Ne4 f5 23. Nc5 Qc7 24. Qf3 Qf7 25. g3 Re7 26. Re2 Kh7 27. a3
Kg8 28. Rf2 Kg7 29. Re2 Kg8 30. Rf2 Kg7 1/2-1/2

[Event "ch-CHN Women 2020"]
[Site "Xinghua CHN"]
[Date "2020.12.21"]
[Round "3.2"]
[White "Yuan, Ye"]
[Black "Ni, Shiqun"]
[Result "1/2-1/2"]
[BlackTitle "WGM"]
[WhiteElo "2081"]
[BlackElo "2389"]
[WhiteFideId "8608415"]
[BlackFideId "8608466"]
[EventDate "2020.12.19"]

1. d4 d5 2. c4 dxc4 3. e4 e5 4. Nf3 exd4 5. Bxc4 Bb4+ 6. Bd2 Bxd2+ 7. Nbxd2 Nc6
8. O-O Qf6 9. e5 Qg6 10. Re1 Nge7 11. b4 O-O 12. Qb3 a6 13. a4 Be6 14. Bxe6 fxe6
15. b5 Nd8 16. Nxd4 Nd5 17. Qg3 Qxg3 18. hxg3 Kf7 19. Ne4 Ke7 20. f4 h6 21. Red1
g5 22. fxg5 hxg5 23. Nxg5 axb5 24. axb5 Rxa1 25. Rxa1 Rg8 26. Ne4 Rg4 27. Re1
Nf7 28. Nf3 Rg8 29. Ra1 Rg4 30. Re1 Rg8 31. Ra1 1/2-1/2

[Event "ch-CHN Women 2020"]
[Site "Xinghua CHN"]
[Date "2020.12.21"]
[Round "3.3"]
[White "Yan, Tianqi"]
[Black "Song, Yuxin"]
[Result "1-0"]
[BlackTitle "WIM"]
[WhiteElo "2207"]
[BlackElo "2290"]
[WhiteFideId "8615250"]
[BlackFideId "8614300"]
[EventDate "2020.12.19"]

1. e4 c5 2. Nf3 d6 3. d4 cxd4 4. Nxd4 Nf6 5. Nc3 a6 6. h3 e6 7. g4 d5 8. Bg5
dxe4 9. Qd2 Nbd7 10. O-O-O Be7 11. Bg2 Nc5 12. Nb3 Nxb3+ 13. axb3 Qxd2+ 14. Rxd2
Bd7 15. Bxf6 Bxf6 16. Nxe4 Be5 17. Kb1 Bc6 18. Nd6+ Ke7 19. Bxc6 bxc6 20. Rhd1
Rhd8 21. Nb7 Rd5 22. b4 Rb8 23. Na5 Kd7 24. c3 Kc7 25. Kc2 Bf4 26. Rd4 Rbd8 27.
Nxc6 Kxc6 28. Rc4+ Kb5 29. Rxd5+ Rxd5 30. Rxf4 Rd7 31. Rf3 Rc7 32. Rd3 Rc4 33.
b3 Rf4 34. f3 g5 35. Kd2 Rf6 36. Ke3 Rh6 37. Rd7 Rf6 38. Rd8 Rg6 39. Rf8 Rf6 40.
Rg8 h6 41. Rc8 Kb6 42. Rc5 Rg6 43. Re5 Rf6 44. c4 Rg6 45. Ra5 Rg8 46. c5+ Kb7
47. Ra2 Rb8 48. Rd2 Kc7 49. Rd4 a5 50. Kd3 axb4 51. Kc4 h5 52. gxh5 Rh8 53. h4
Rxh5 54. hxg5 Rxg5 55. Kxb4 e5 56. Rd3 Rf5 57. Kb5 Rf6 58. b4 Rf4 59. Ra3 f6 60.
c6 Kd6 61. Rd3+ Kc7 62. Kc5 e4 63. fxe4 Rxe4 64. Rd7+ Kc8 65. Rf7 Rf4 66. b5
Rf5+ 67. Kb6 1-0

[Event "ch-CHN Women 2020"]
[Site "Xinghua CHN"]
[Date "2020.12.21"]
[Round "3.4"]
[White "Hu, Yu A."]
[Black "Xiao, Yiyi"]
[Result "0-1"]
[BlackTitle "WGM"]
[WhiteElo "2094"]
[BlackElo "2301"]
[WhiteFideId "8609993"]
[BlackFideId "8606161"]
[EventDate "2020.12.19"]

1. e4 Nf6 2. Nc3 d5 3. exd5 Nxd5 4. Bc4 c6 5. Qf3 e6 6. Nge2 Nd7 7. d4 Qf6 8.
Qg3 Qg6 9. O-O Qxg3 10. hxg3 Be7 11. Bd2 O-O 12. Rae1 a5 13. a4 Nb4 14. Bb3 b6
15. Rd1 Ba6 16. Rfe1 Rfd8 17. Nf4 Nf6 18. Be3 g5 19. Nfe2 h6 20. Na2 Nbd5 21.
Bc1 Ra7 22. c4 Nb4 23. Nxb4 Bxb4 24. Rf1 Rad7 25. f4 Ne4 26. fxg5 hxg5 27. Be3
c5 28. Kh2 cxd4 29. Nxd4 Bc5 30. Nc6 Rxd1 31. Bxd1 Rxd1 32. Rxd1 Bxe3 33. Rd8+
Kg7 34. b3 Nc5 35. Ne5 f5 36. Nd7 Nxb3 37. Nxb6 Bxb6 38. Rd6 Bxc4 39. Rxb6 Kf6
40. g4 Ke5 41. Kg3 f4+ 42. Kf2 Kd4 43. g3 e5 44. Rf6 Nc5 45. Rd6+ Bd5 46. Rg6
Ne4+ 47. Kg1 f3 0-1

[Event "ch-CHN Women 2020"]
[Site "Xinghua CHN"]
[Date "2020.12.21"]
[Round "3.5"]
[White "Li, Xueyi"]
[Black "Tan, Zhongyi"]
[Result "1/2-1/2"]
[WhiteTitle "WGM"]
[BlackTitle "GM"]
[WhiteElo "2328"]
[BlackElo "2510"]
[WhiteFideId "8605912"]
[BlackFideId "8603642"]
[EventDate "2020.12.19"]

1. d4 Nf6 2. c4 g6 3. g3 c6 4. Bg2 d5 5. Nf3 Bg7 6. O-O dxc4 7. Na3 b5 8. Ne5
Nd5 9. e4 Nb4 10. Bf4 Nd7 11. Nc2 Bxe5 12. Nxb4 Bxf4 13. Nxc6 Qc7 14. gxf4 Bb7
15. d5 Qxf4 16. a4 Bxc6 17. dxc6 Ne5 18. Qc1 Qxc1 19. Rfxc1 Nxc6 20. axb5 Nd4
21. Rxc4 Rd8 22. e5 O-O 23. Rxa7 Nxb5 24. Rxe7 Rd1+ 25. Bf1 Nd4 26. Rcc7 Nf3+
27. Kg2 Nh4+ 28. Kg1 Nf5 29. Red7 Re1 30. f4 Rb1 31. Rd2 Ne3 32. Rf2 Rb8 33. Rf3
Nxf1 34. Rxf1 Rxf1+ 35. Kxf1 Rxb2 36. Rc8+ Kg7 37. Rc7 Kf8 38. e6 fxe6 39. Rxh7
Rb4 40. Kf2 Rxf4+ 41. Ke3 Rf7 42. Rh8+ Kg7 43. Ra8 Rf5 44. Ke4 Kf6 45. Rf8+ Kg5
46. Rh8 Rf2 47. h4+ Kg4 48. Rh6 Re2+ 49. Kd3 Rh2 50. Rxg6+ Kf5 51. Rh6 e5 52.
Rh8 Rh3+ 53. Ke2 Kf4 54. h5 Rh2+ 55. Kf1 Kf3 56. Rf8+ Ke3 57. Ra8 e4 58. Ra3+
Kf4 59. Ke1 Rxh5 60. Rb3 Rh2 61. Ra3 Rc2 62. Kd1 Rf2 63. Ke1 Rf3 64. Ra8 Rb3 65.
Rh8 Rc3 66. Ke2 Rc2+ 67. Ke1 Kg3 68. Rh7 Kg4 69. Rh8 Kf3 70. Rh3+ Kf4 71. Ra3
Rb2 72. Rc3 Ke5 73. Ra3 Kd4 74. Rh3 Rb1+ 75. Ke2 Ra1 76. Rg3 Kc4 77. Rh3 Rc1 78.
Rg3 Rc2+ 79. Ke1 Rc3 80. Rxc3+ 1/2-1/2

[Event "ch-CHN Women 2020"]
[Site "Xinghua CHN"]
[Date "2020.12.21"]
[Round "3.6"]
[White "Ning, Kaiyu"]
[Black "Gu, Xiaobing"]
[Result "0-1"]
[WhiteTitle "WIM"]
[BlackTitle "WGM"]
[WhiteElo "2327"]
[BlackElo "2263"]
[WhiteFideId "8614750"]
[BlackFideId "8602611"]
[EventDate "2020.12.19"]

1. d4 Nf6 2. c4 c5 3. d5 g6 4. Nc3 Bg7 5. Nf3 d6 6. g3 O-O 7. Bg2 Na6 8. O-O Nc7
9. e4 e5 10. dxe6 Bxe6 11. Qd3 Qe7 12. Re1 Rfd8 13. Bg5 h6 14. Nd5 Bxd5 15. exd5
Qd7 16. Bd2 b5 17. b3 a5 18. a4 bxc4 19. bxc4 Nfe8 20. Ra3 Na6 21. Bxa5 Nb4 22.
Bxb4 cxb4 23. Rb3 Bc3 24. Rxc3 bxc3 25. Qxc3 Qxa4 26. Nd4 Nc7 27. Nc6 Rf8 28. c5
dxc5 29. Qxc5 Na6 30. Qc3 Rae8 31. Ne7+ Kh7 32. h4 h5 33. Qf6 Nc5 34. d6 Qc2 35.
Bd5 Nd7 36. Qf3 Kg7 37. Bc6 Rd8 38. Qd5 Qc5 39. Qd2 Ne5 40. Qb2 f6 41. Qb7 Kh6
42. Be4 Rd7 43. Qb1 f5 44. Bg2 Rxd6 45. Rc1 Qd4 46. Qa2 Rb8 47. Rc7 Rd7 48. Rxd7
Qxd7 49. Nd5 Qe6 50. Qc2 Rd8 51. Qb3 Ng4 52. Qc3 Rc8 53. Qd2+ Kh7 54. Nf4 Qe7
55. Bd5 Qc5 56. Kg2 Rd8 57. Qa2 Nf6 58. Bf7 Qc6+ 59. f3 Qc1 60. Bg8+ Kh6 61. Qe6
Rd2+ 62. Ne2 Ne4 63. Qa6 Qe1 0-1

[Event "ch-CHN Women 2020"]
[Site "Xinghua CHN"]
[Date "2020.12.22"]
[Round "4.1"]
[White "Guo, Qi"]
[Black "Gu, Xiaobing"]
[Result "1/2-1/2"]
[WhiteTitle "IM"]
[BlackTitle "WGM"]
[WhiteElo "2418"]
[BlackElo "2263"]
[WhiteFideId "8604002"]
[BlackFideId "8602611"]
[EventDate "2020.12.19"]

1. d4 Nf6 2. c4 g6 3. Nc3 Bg7 4. e4 d6 5. Nf3 O-O 6. Be2 e5 7. O-O exd4 8. Nxd4
Re8 9. f3 Nc6 10. Be3 Nh5 11. Qd2 Nxd4 12. Bxd4 Nf4 13. Rf2 Bxd4 14. Qxd4 Nxe2+
15. Rxe2 Be6 16. Nd5 Bxd5 17. cxd5 Qg5 18. Rc2 Re7 19. Rac1 Rc8 20. Qxa7 b6 21.
Qa3 f5 22. Qd3 fxe4 23. fxe4 Rf8 24. Rxc7 Qf4 25. R7c2 Rxe4 26. Rf1 Qe5 27.
Rxf8+ Kxf8 28. Rc1 g5 29. Qc3 Qd4+ 30. Qxd4 Rxd4 31. Rc6 Rd1+ 32. Kf2 Rd2+ 33.
Kf3 Rxb2 34. Rxd6 b5 35. Rb6 h5 36. h3 Ke7 37. a3 Rb3+ 38. Ke4 Rg3 39. Ke5 Rxg2
40. Rb7+ Ke8 41. Ke6 Re2+ 42. Kd6 Ra2 43. Rh7 h4 44. Re7+ Kd8 45. Re3 Rb2 46.
Rf3 Ke8 47. Kc7 Rc2+ 48. Kd6 Rg2 49. Re3+ Kf7 50. Re7+ Kf6 51. Re6+ Kf7 52. Re7+
Kf6 53. Re6+ Kf7 1/2-1/2

[Event "ch-CHN Women 2020"]
[Site "Xinghua CHN"]
[Date "2020.12.22"]
[Round "4.2"]
[White "Tan, Zhongyi"]
[Black "Ning, Kaiyu"]
[Result "1-0"]
[WhiteTitle "GM"]
[BlackTitle "WIM"]
[WhiteElo "2510"]
[BlackElo "2327"]
[WhiteFideId "8603642"]
[BlackFideId "8614750"]
[EventDate "2020.12.19"]

1. d4 d5 2. c4 e6 3. Nf3 Nf6 4. g3 Bb4+ 5. Nbd2 dxc4 6. Bg2 b5 7. O-O a5 8. a4
c6 9. Qc2 O-O 10. e4 h6 11. e5 Nd5 12. Ne4 Be7 13. g4 Na6 14. g5 Nab4 15. Qd1 h5
16. Ne1 g6 17. Nf6+ Kg7 18. Be4 bxa4 19. Ra3 Nd3 20. Bxd3 Bxa3 21. Bxg6 fxg6 22.
bxa3 Ba6 23. Nf3 Qb6 24. Nh4 Ne7 25. Be3 Qb3 26. Qf3 Rf7 27. d5 cxd5 28. Nxg6
Nxg6 29. Qxh5 Rh8 30. Ne8+ Rxe8 31. Qh6+ Kg8 32. Qxg6+ Kf8 33. Bc5+ Ree7 34.
Qxe6 Qf3 35. g6 Kg7 36. Bxe7 Rf5 37. Bf6+ Kh6 38. Bh4 Qg4+ 39. Bg3 Qxg6 40. Qxd5
Kh7 41. Rd1 Rf7 42. Qd4 Qf5 43. Qh4+ Kg7 44. e6 Qxe6 45. Qg5+ Qg6 46. Qxa5 Kh7
47. Qd8 Qe4 48. Qa5 Qf3 49. Rd5 Bb7 50. Rh5+ Kg8 51. Qd8+ Rf8 52. Qg5+ Kf7 53.
Rh7+ 1-0

[Event "ch-CHN Women 2020"]
[Site "Xinghua CHN"]
[Date "2020.12.22"]
[Round "4.3"]
[White "Xiao, Yiyi"]
[Black "Li, Xueyi"]
[Result "1/2-1/2"]
[WhiteTitle "WGM"]
[BlackTitle "WGM"]
[WhiteElo "2301"]
[BlackElo "2328"]
[WhiteFideId "8606161"]
[BlackFideId "8605912"]
[EventDate "2020.12.19"]

1. e4 c6 2. d4 d5 3. exd5 cxd5 4. c4 Nf6 5. Nc3 Nc6 6. Bg5 dxc4 7. d5 Ne5 8. Qd4
Nd3+ 9. Bxd3 cxd3 10. Qxd3 g6 11. Nf3 Bg7 12. O-O O-O 13. Rfe1 Re8 14. h3 Qb6
15. Qc4 Bf5 16. Re2 h6 17. Be3 Qa5 18. Qc5 Qa6 19. Nd4 Rac8 20. Qb5 Qxb5 21.
Ndxb5 a6 22. Nd4 Bd3 23. Rd2 Be4 24. Nb3 Bf5 25. f3 Red8 26. Rad1 g5 27. g4 Bg6
28. Bb6 Rd7 29. a4 Rd6 30. Bc5 Rd7 31. Bb6 Rd6 32. Bc5 Rd7 33. Kg2 Rdc7 34. Bd4
Nd7 35. Re1 Bxd4 36. Rxd4 Nb6 37. Na5 Kf8 38. d6 exd6 39. Rxd6 Nc4 40. Nxc4 Rxc4
41. Rd7 b5 42. axb5 axb5 43. Nxb5 Rc2+ 44. Kg3 Rxb2 45. Nd4 Ra8 46. Re2 Rxe2 47.
Nxe2 h5 48. gxh5 1/2-1/2